| 000 | 01153nam a2200265 4500 | ||
|---|---|---|---|
| 001 | 362 | ||
| 003 | BD-RjUL | ||
| 005 | 20211208233150.0 | ||
| 008 | 131117m19901992ii |||| |||| 000 0 eng d | ||
| 020 | _a0876927258 | ||
| 035 |
_a(BD-RjUL)379 _a(OCoLC)33635009 |
||
| 040 |
_aBD-RjUL _beng _cBD-RjUL _dBD-RjUL |
||
| 041 | _aeng | ||
| 082 | 0 | 4 |
_220 _a005.43 _bUNI 1992 |
| 245 | 1 |
_aUNIX System V/386 Release 4 : _cUNIX System Laboratories, Inc. _bMigration Guide / |
|
| 250 | _aEastern economy ed. | ||
| 260 |
_aNew Delhi : _bPrentice-Hall of India , _cc1990 [Reprinted 1992]. |
||
| 300 |
_a1 v. (various pagings) : _bill. ; _c24 cm. |
||
| 490 | _aAT&T UNIX system V, release 4. Migration series | ||
| 505 | _a"Indian reprint"--T.p. verso. "Complete and unabridged photo-offset reproduction of the latest American edition"--T.p. verso. At head of title: AT & T. "UNIX Press"--P. [4] of cover. | ||
| 650 |
_aUNIX System V (Computer file) _91153 |
||
| 710 |
_aUNIX System Laboratories, Inc. _91154 |
||
| 856 |
_3WorldCat Details _uhttp://www.worldcat.org/title/unix-system-v386-release-4-migration-guide/oclc/33635009&referer=brief_results |
||
| 942 |
_2ddc _cBK |
||
| 999 |
_c362 _d362 |
||